| 000 | 00591nam a22001817a 4500 | ||
|---|---|---|---|
| 003 | OSt | ||
| 005 | 20221110200339.0 | ||
| 008 | 221006b |||||||| |||| 00| 0 eng d | ||
| 040 | _cBiblioteca Lado V | ||
| 082 |
_a791.4 _bO48f |
||
| 100 |
_ecurador _9379 _aOliveira Farkas, Solange |
||
| 245 |
_aXII Festival Videobrasil/ _bInternacional de Arte Electronica/ |
||
| 260 |
_c1998 _aBrasil _bVideoBrasil |
||
| 300 |
_c24x23cm _a106p. |
||
| 650 |
_2Tesauro de Arte & Arquitectura _aVIDEO |
||
| 650 |
_2Tesauro de Arte & Arquitectura _aCINE |
||
| 942 |
_2ddc _c1 _h791.4 _iO48f _n0 |
||
| 999 |
_c2585 _d2585 |
||